|
|
|
|
| LEADER |
00000nab a2200000 a 4500 |
| 001 |
vtls000607588 |
| 003 |
SK-MaSNL |
| 005 |
20260426101405.0 |
| 008 |
250425c1996 xo 0 slo |
| 015 |
|
|
|a SNBRB19rr/mm-uuuuu
|
| 035 |
|
|
|a CL0607727
|
| 035 |
|
|
|a urn:nbn:sk:snk-ab2136
|
| 035 |
|
|
|a (urnnbn)urn:nbn:sk:snk:ar-a01e47
|
| 035 |
|
|
|a (uuid)8fd7b3e9-f0c4-478c-9ead-516feeb13ca3
|
| 040 |
|
|
|a SNKBUCL
|b slo
|c SNKBUCL
|e AACR2
|
| 041 |
0 |
|
|a slo
|
| 044 |
|
|
|a xo
|c SK
|
| 080 |
|
|
|a 78.091.4:785.7:785.11
|2 1981
|
| 080 |
|
|
|a 785.7
|2 1981
|
| 080 |
|
|
|a 785.11
|2 1981
|
| 100 |
1 |
|
|a Pesselová, Mária
|4 aut
|9 598147
|
| 245 |
1 |
0 |
|a Divertimento Musicale
|c Mária Pesselová
|
| 650 |
0 |
7 |
|a komorná hudba
|2 snkbucl
|9 3431
|
| 650 |
0 |
7 |
|a symfonická hudba
|2 snkbucl
|9 68261
|
| 650 |
0 |
7 |
|a Divertimento musicale 1996
|2 snkbucl
|9 1579233
|
| 651 |
|
7 |
|a Slovensko východné
|2 snkbucl
|9 161134
|
| 655 |
|
7 |
|a články z novín a časopisov
|2 snkbucl
|9 267496
|
| 773 |
0 |
|
|t Hudobný život '96
|g Roč. 28, č. 22 (1996), s. 12
|
| 850 |
|
|
|a Slovenská národná knižnica
|
| 852 |
|
|
|a Slovenská národná knižnica
|
| 954 |
|
|
|a odborná, vedecká literatúra pôvodná (slovenská)
|2 lita
|
| 958 |
|
|
|a article27
|
| 958 |
|
|
|a OND
|
| 958 |
|
|
|a RK
|
| 958 |
|
|
|a EUIPO
|
| 992 |
|
|
|a RBX
|
| 999 |
|
|
|c 3227613
|d 3229543
|